| 000 | 01174cab a2200289 4500 | ||
|---|---|---|---|
| 001 | ABS50663 | ||
| 008 | 090401t1994 xxu||||| |||| 00| 0 eng d | ||
| 035 | _a(Sirsi) u76978 | ||
| 041 | _aeng | ||
| 100 | _aMorgan, D. | ||
| 245 | _aResidential investment: safe as houses? | ||
| 260 | _c1994 | ||
| 350 | _a0 | ||
| 490 |
_aProperty Week _v47(6) 12 May 1994, 22-24(3) |
||
| 520 | _aInvestigates the potential for widespread commercial investment in housing and the factors which would encourage a return to this sector. Cites the establishment of a residential investment funding department by Savills as an indication of a change in the market and refers to calls by housing groups for the creation of authorised housing investment trusts. | ||
| 650 | _aAUTHORISED HOUSING INVESTMENT TRUSTS | ||
| 650 | _aHOUSING ASSOCIATIONS | ||
| 650 | _aHOUSING INVESTMENT TRUSTS | ||
| 650 | _aHOUSING INVESTMENT | ||
| 650 | _aPRIVATE RENTED SECTOR | ||
| 650 | _aRENTED HOUSING | ||
| 650 | _aRESIDENTIAL PROPERTY TRUSTS | ||
| 690 | _aFINANCE AND INVESTMENT | ||
| 690 | _aPROPERTY-RESIDENTIAL PROPERTY-RESIDENTIAL PROPERTY MARKET | ||
| 942 | _n0 | ||
| 948 | _c04/03/1997 | ||
| 999 |
_c48368 _d48368 |
||